| 000 | 00468nam a22001817a 4500 | ||
|---|---|---|---|
| 003 | CEME | ||
| 005 | 20210628203818.0 | ||
| 008 | 210126b xxu||||| |||| 00| 0 eng d | ||
| 020 | _a0-13-066830-3 | ||
| 040 | _c. | ||
| 082 | _a621.381548 WIT | ||
| 100 |
_aWitte, Robert A _967400 |
||
| 245 | _aElectronics test instruments | ||
| 260 |
_aNEW JERSEY _bPRENTICE HALL _c2002 |
||
| 300 | _aXVI,371P | ||
| 650 |
_aELECTRONICS TEST INSTRUMENTS _967401 |
||
| 942 |
_cBK _2ddc |
||
| 999 |
_c575192 _d575192 |
||